000 00536nam a2200121Ia 4500
008 220615s9999||||xx |||||||||||||| ||und||
100 _aBadie I. Morsi||Omar M. Basha
245 0 _aLaboratory Unit Operations and Experimental Methods in Chemical Engineering
546 _aEnglish[eng]
650 _aEngineering||Physical Sciences||Engineering and Technology||Analytical Chemistry||Chemical Engineering
856 _uhttps://www.intechopen.com/books/laboratory-unit-operations-and-experimental-methods-in-chemical-engineering
942 _cEB
999 _c9970
_d9970